<?xml version="1.0" encoding="UTF-8"?>
<record
    xmlns:xsi="http://www.w3.org/2001/XMLSchema-instance"
    xsi:schemaLocation="http://www.loc.gov/MARC21/slim http://www.loc.gov/standards/marcxml/schema/MARC21slim.xsd"
    xmlns="http://www.loc.gov/MARC21/slim">

  <leader>02167njm a2200409Ia 4500</leader>
  <controlfield tag="001">20917</controlfield>
  <controlfield tag="003">IT-RoPAU</controlfield>
  <controlfield tag="005">20220918181212.0</controlfield>
  <controlfield tag="008">131025s9999    xx            000 0 und d</controlfield>
  <datafield tag="040" ind1=" " ind2=" ">
    <subfield code="a">IT-RoPAU</subfield>
  </datafield>
  <datafield tag="040" ind1=" " ind2=" ">
    <subfield code="c">IT-RoPAU</subfield>
  </datafield>
  <datafield tag="999" ind1=" " ind2=" ">
    <subfield code="c">103729</subfield>
    <subfield code="d">103729</subfield>
  </datafield>
  <datafield tag="999" ind1=" " ind2=" ">
    <subfield code="b">n.d.</subfield>
  </datafield>
  <datafield tag="100" ind1=" " ind2=" ">
    <subfield code="a">AA.VV.</subfield>
    <subfield code="9">794</subfield>
  </datafield>
  <datafield tag="100" ind1=" " ind2=" ">
    <subfield code="e">Autore musica</subfield>
    <subfield code="9">4208</subfield>
  </datafield>
  <datafield tag="100" ind1=" " ind2=" ">
    <subfield code="g">Codice autore musica SPICS: 12000</subfield>
    <subfield code="9">796</subfield>
  </datafield>
  <datafield tag="245" ind1=" " ind2=" ">
    <subfield code="a">Parata di solisti (Lp Hit 30.238)</subfield>
  </datafield>
  <datafield tag="250" ind1=" " ind2=" ">
    <subfield code="a">1a ed.</subfield>
  </datafield>
  <datafield tag="260" ind1=" " ind2=" ">
    <subfield code="a">ITALIA</subfield>
  </datafield>
  <datafield tag="260" ind1=" " ind2=" ">
    <subfield code="b">HIT RECORDS</subfield>
  </datafield>
  <datafield tag="300" ind1=" " ind2=" ">
    <subfield code="a">DISCO</subfield>
  </datafield>
  <datafield tag="300" ind1=" " ind2=" ">
    <subfield code="c">35 minuti (Testo:  pag.)</subfield>
  </datafield>
  <datafield tag="500" ind1=" " ind2=" ">
    <subfield code="a">Musica strumentale. Per chitarra a 12 corde, pianoforte, chitarra elettrica, tromba, sax tenore, flauto, clarinetto, mellophon, flicorno</subfield>
  </datafield>
  <datafield tag="505" ind1=" " ind2=" ">
    <subfield code="a">Guitar Time (4:00) - Darling Paula (3:00) - Guitar Show (3:00) - Trumpet Break (3:00) - Reflections For Sax (3:00) - Flutes's Ballade (3:00) - Flute in Bossa (3:00) - Polemic Clarinet (3:00) - The Land of My Dreams (3:00) - Gossip Piano (3:00) - Blue mellophon (4:00) - Magic Spring (3:00)</subfield>
  </datafield>
  <datafield tag="511" ind1=" " ind2=" ">
    <subfield code="a">Orchestra di Joseph Montzel</subfield>
  </datafield>
  <datafield tag="650" ind1=" " ind2=" ">
    <subfield code="a">STRUMENTALE [DISCHI]</subfield>
    <subfield code="e">Codice MATERIA SPICS: 9950</subfield>
    <subfield code="9">828</subfield>
  </datafield>
  <datafield tag="700" ind1=" " ind2=" ">
    <subfield code="a">Montzel Joseph</subfield>
    <subfield code="g">Codice interprete SPICS: 11029</subfield>
    <subfield code="e">Interprete</subfield>
    <subfield code="9">4209</subfield>
  </datafield>
  <datafield tag="700" ind1=" " ind2=" ">
    <subfield code="a">Ipcress</subfield>
    <subfield code="g">Codice autore musica SPICS: 24524</subfield>
    <subfield code="e">Autore musica</subfield>
    <subfield code="p">Guitar Time - Flute in Bossa</subfield>
    <subfield code="9">4210</subfield>
  </datafield>
  <datafield tag="700" ind1=" " ind2=" ">
    <subfield code="a">Varini B.</subfield>
    <subfield code="g">Codice autore musica SPICS: 24525</subfield>
    <subfield code="e">Autore musica</subfield>
    <subfield code="p">Darling Paula</subfield>
    <subfield code="9">4211</subfield>
  </datafield>
  <datafield tag="700" ind1=" " ind2=" ">
    <subfield code="a">Montebianco</subfield>
    <subfield code="g">Codice autore musica SPICS: 17402</subfield>
    <subfield code="e">Autore musica</subfield>
    <subfield code="p">Guitar Show - Reflections For Sax</subfield>
    <subfield code="9">4212</subfield>
  </datafield>
  <datafield tag="700" ind1=" " ind2=" ">
    <subfield code="a">Pelleus</subfield>
    <subfield code="g">Codice autore musica SPICS: 24144</subfield>
    <subfield code="e">Autore musica</subfield>
    <subfield code="p">Trumpet Break</subfield>
    <subfield code="9">4213</subfield>
  </datafield>
  <datafield tag="700" ind1=" " ind2=" ">
    <subfield code="a">Raspanti M.</subfield>
    <subfield code="g">Codice autore musica SPICS: 14383</subfield>
    <subfield code="e">Autore musica</subfield>
    <subfield code="p">Flutes's Ballade - Gossip Piano</subfield>
    <subfield code="9">4214</subfield>
  </datafield>
  <datafield tag="700" ind1=" " ind2=" ">
    <subfield code="a">Zauli F.</subfield>
    <subfield code="g">Codice autore musica SPICS: 24146</subfield>
    <subfield code="e">Autore musica</subfield>
    <subfield code="p">Polemic Clarinet</subfield>
    <subfield code="9">4215</subfield>
  </datafield>
  <datafield tag="700" ind1=" " ind2=" ">
    <subfield code="a">Brunvar</subfield>
    <subfield code="g">Codice autore musica SPICS: 24526</subfield>
    <subfield code="e">Autore musica</subfield>
    <subfield code="p">The Land of My Dreams</subfield>
    <subfield code="9">4216</subfield>
  </datafield>
  <datafield tag="700" ind1=" " ind2=" ">
    <subfield code="a">Monti Elvio</subfield>
    <subfield code="g">Codice autore musica SPICS: 11030</subfield>
    <subfield code="e">Autore musica</subfield>
    <subfield code="p">Blue mellophon</subfield>
    <subfield code="9">4217</subfield>
  </datafield>
  <datafield tag="700" ind1=" " ind2=" ">
    <subfield code="a">Licrate</subfield>
    <subfield code="g">Codice autore musica SPICS: 24527</subfield>
    <subfield code="e">Autore musica</subfield>
    <subfield code="p">Magic Spring</subfield>
    <subfield code="9">4218</subfield>
  </datafield>
  <datafield tag="942" ind1=" " ind2=" ">
    <subfield code="c">MD</subfield>
    <subfield code="2">ddc</subfield>
  </datafield>
  <datafield tag="952" ind1=" " ind2=" ">
    <subfield code="0">0</subfield>
    <subfield code="1">0</subfield>
    <subfield code="4">0</subfield>
    <subfield code="6">20917_000000000000000</subfield>
    <subfield code="7">1</subfield>
    <subfield code="a">SPICS</subfield>
    <subfield code="b">SPICS</subfield>
    <subfield code="d">2013-10-25</subfield>
    <subfield code="l">0</subfield>
    <subfield code="o">20917</subfield>
    <subfield code="r">2013-10-25 00:00:00</subfield>
    <subfield code="w">2013-10-25</subfield>
    <subfield code="y">MD</subfield>
    <subfield code="z">Progr. Ins.: 4219 / N.Vol.: 1 / Copie: 1 - Copia rara: n.d. / date import: 01.01.2014 - By Epidotti, Trombetti, Vaglietti</subfield>
  </datafield>
</record>
